000 00426nam a2200157Ia 4500
008 230312s9999||||xx |||||||||||||| ||und||
020 _a81-89411-63-2
082 _a621.3
_bBAK-E
100 _aBakshi.U.A
245 0 _aElectric Machines & Instruments
260 _bTechnical Publications Pune
_aIndia
_c2007
300 _a404
546 _aEng.
650 _aEngineering
_vClassification of Measuring Instruments
942 _cBK
999 _c1488
_d1488